Java for dummies : Quick reference

This guide arms you with must-have Java commands, tips, syntax, and more to get the job done. You'll find clear and concise solutions instead of lengthy tutorials, so you can keep moving.

Đã lưu trong:
书目详细资料
主要作者: Lowe, Doug
格式: 图书
语言:Undetermined
出版: Hoboken, N.J. Wiley 2012
主题:
标签: 添加标签
没有标签, 成为第一个标记此记录!
Thư viện lưu trữ: Trung tâm Học liệu Trường Đại học Cần Thơ
LEADER 00771nam a2200217Ia 4500
001 CTU_206688
008 210402s9999 xx 000 0 und d
020 |c 17.84 
082 |a 005.133 
082 |b L913 
100 |a Lowe, Doug 
245 0 |a Java for dummies : 
245 0 |b Quick reference 
245 0 |c Doug Lowe 
260 |a Hoboken, N.J. 
260 |b Wiley 
260 |c 2012 
520 |a This guide arms you with must-have Java commands, tips, syntax, and more to get the job done. You'll find clear and concise solutions instead of lengthy tutorials, so you can keep moving. 
650 |a Java (Computer program language),Java (Ngôn ngữ lập trình máy tính) 
904 |i Hải 
980 |a Trung tâm Học liệu Trường Đại học Cần Thơ